Základné determinanty cenového vývoja v oblasti poľnohospodárstva a potravinárstva

Saved in:
Bibliographic Details
Main Author: Pauhofová, Iveta
Format: Book
Language:Slovak
Published: Bratislava Prognostický ústav SAV 1995
Edition:1. vyd.
Series:Pracovné materiály Č.7
Subjects:
Tags: Add Tag
No Tags, Be the first to tag this record!

MARC

LEADER 00000nam a2200000 4500
001 c012527
005 20221128074631.2
041 0 |a slo 
044 |a SK 
245 1 0 |a Základné determinanty cenového vývoja v oblasti poľnohospodárstva a potravinárstva  |c Iveta Pauhofová 
250 |a 1. vyd. 
264 1 |a Bratislava  |b Prognostický ústav SAV  |c 1995 
300 |a 21 s. 
490 1 |a Pracovné materiály  |v Č.7 
830 0 |a Pracovné materiály  |v Č.7 
610 2 0 |a ceny 
610 2 0 |a ceny spotrebiteľské 
610 2 0 |a potraviny 
610 2 0 |a poľnohospodárstvo 
610 2 0 |a výrobky poľnohospodárske 
100 1 |a Pauhofová, Iveta